Data Structures And Files (Record no. 298515)

MARC details
000 -LEADER
fixed length control field 00373nam a2200145Ia 4500
008 - FIXED-LENGTH DATA ELEMENTS--GENERAL INFORMATION
fixed length control field 230718s9999 xx 000 0 und d
041 ## - LANGUAGE CODE
Language code of text/sound track or separate title eng
082 ## - DEWEY DECIMAL CLASSIFICATION NUMBER
Classification number 005.73
Item number POT
100 ## - MAIN ENTRY--PERSONAL NAME
Personal name Potdar G.P.
245 ## - TITLE STATEMENT
Title Data Structures And Files
260 ## - PUBLICATION, DISTRIBUTION, ETC. (IMPRINT)
Date of publication, distribution, etc. 1999
Name of publisher, distributor, etc. Technova Publication
365 ## - TRADE PRICE
Currency code Rs.
Price amount 190.00
700 ## - ADDED ENTRY--PERSONAL NAME
Personal name Potdar G.P.
906 ## - LOCAL DATA ELEMENT F, LDF (RLIN)
d B:500424-Feb-1999
c COMP
b 28.5
Holdings
Withdrawn status Lost status Damaged status Not for loan Home library Current library Date acquired Vendor Budget Code Cost, normal purchase price Bill number Full call number Barcode Date last seen Discount Cost, replacement price Bill Date Koha item type Original Barcode
Withdrawn       Cummins College of Engineering for Women Pune Cummins College of Engineering for Women Pune 26/02/1999 Pradeep Book Distributors COMP 161.50 5004 005.73 CCEP-BK-9721 18/07/2023 28.5 190.00 24/02/1999 Books 009721